| 000 | 00529nam a2200169Ia 4500 | ||
|---|---|---|---|
| 008 | 090201s9999 xx 000 0 und d | ||
| 010 | _aKPL-20664 | ||
| 040 | _bमराठी | ||
| 041 | _aमराठी | ||
| 082 |
_a21857 _b20664 |
||
| 100 | _aगो. प्र. सोहनी | ||
| 245 |
_aआदर्श शिक्षक _cगो. प्र. सोहनी |
||
| 260 |
_c2004 _bनुतन प्रकाशन |
||
| 300 |
_a96 _bलहान |
||
| 600 | _aआदर्श शिक्षक | ||
| 942 | _cBOOK | ||
| 999 |
_c221446 _d221446 |
||